Loading...
| Other Science: Computer Science | 0 | 2 | 0 | 0 | 20 | 108 | 110.50 | 0 | 0 |
| Other Science: Math | 1 | 0 | 0 | 0 | 15 | 34 | 34.00 | 0 | 1 |
| Fine Arts - Visual Fine Arts | 0 | 1 | 0 | 1 | 10 | 140 | 140.00 | 0 | 0 |
| Social Science | 0 | 1 | 0 | 1 | 10 | 139 | 139.00 | 1 | 1 |
| Current Events | 0 | 1 | 0 | 1 | 10 | 135 | 135.00 | 0 | 0 |
| History - World History | 0 | 1 | 0 | 1 | 10 | 127 | 127.00 | 0 | 0 |
| Other Academic | 0 | 1 | 0 | 1 | 10 | 136 | 136.00 | 0 | 0 |
| Ancient History and Archaeology | 0 | 1 | 0 | 1 | 10 | 118 | 118.00 | 0 | 1 |
| British and Commonwealth History | 0 | 0 | 0 | 0 | 0 | 0.00 | 0 | 0 | |
| Geography | 0 | 0 | 1 | 0 | -5 | 0.00 | 0 | 0 | |
| History - European History | 0 | 0 | 1 | 0 | -5 | 0.00 | 0 | 0 | |
| Science - Physics | 0 | 0 | 1 | 0 | -5 | 0.00 | 0 | 0 |